Sports Quiz

Random Sports or University Quiz

All the College Champions Quiz Stats

 Plays Quiz Updated Apr 8, 2019

Score 0/130 Timer 10:00
23 Plays Today
Sport School % Correct
College FootballAlabama
95.9%
College FootballMichigan
94.8%
College HockeyMichigan
94.8%
College BasketballMichigan
94.8%
College BaseballMichigan
94.8%
College FootballFlorida
93.9%
College BasketballFlorida
93.9%
College FootballTexas
92.7%
College BaseballTexas
92.7%
College BaseballFlorida
92.5%
College BasketballNorth Carolina
91.7%
College FootballOhio State
91.4%
College BasketballOhio State
91.3%
College BaseballOhio State
91%
College FootballUCLA
90.4%
College BaseballUCLA
90.4%
College BasketballUCLA
90.4%
College BasketballMichigan State
90.3%
College FootballMichigan State
90.2%
College FootballFlorida State
90.1%
College HockeyMichigan State
90.1%
College BasketballDuke
89.8%
College FootballUSC
89%
College BaseballUSC
89%
College BasketballKentucky
87.3%
College FootballOklahoma
87%
College BaseballOklahoma
87%
College FootballGeorgia
86.5%
College BasketballOregon
86.5%
College BaseballGeorgia
86.1%
College FootballLSU
84.8%
College BaseballLSU
84.8%
College FootballWashington
84.7%
College FootballMinnesota
84.5%
College BasketballKansas
84.4%
College BaseballMinnesota
84.4%
College BasketballArizona
84.3%
College BaseballArizona
84.3%
College HockeyMinnesota
84.1%
College FootballPenn
84.1%
College BaseballMiami
83.9%
College FootballMiami
83.9%
College HockeyBoston University
83.5%
College BasketballWisconsin
82.3%
Sport School % Correct
College HockeyWisconsin
82.3%
College BasketballVirginia
82.1%
College BasketballIndiana
81%
College FootballCalifornia
81%
College BasketballCalifornia
81%
College BaseballCalifornia
81%
College FootballAuburn
80.8%
College FootballArkansas
80%
College BasketballArkansas
80%
College FootballTexas A&M
79.2%
College FootballPenn State
79.1%
College FootballNotre Dame
79%
College FootballTennessee
78.9%
College FootballHarvard
78.2%
College HockeyHarvard
78.2%
College FootballNebraska
77.9%
College BaseballArizona State
77.8%
College BasketballOklahoma State
77.4%
College BaseballOklahoma State
77.4%
College FootballOklahoma State
77.3%
College BaseballVirginia
77%
College FootballColorado
76.5%
College HockeyColorado College
76.5%
College FootballIowa
75.5%
College HockeyBoston College
75.4%
College FootballMississippi
75.1%
College FootballYale
75.1%
College HockeyYale
75.1%
College BaseballSouth Carolina
75%
College FootballIllinois
74.4%
College FootballStanford
74.2%
College BaseballStanford
74.2%
College BasketballStanford
74.2%
College BasketballN.C. State
73.9%
College FootballGeorgia Tech
73.8%
College FootballClemson
73.6%
College FootballSyracuse
72.8%
College BasketballSyracuse
72.8%
College BaseballOregon State
72.5%
College FootballMaryland
72%
College BasketballMaryland
72%
College BasketballLouisville
69.6%
College BasketballConnecticut
68.7%
College BasketballUtah
66.4%
Sport School % Correct
College FootballPittsburgh
65.2%
College BasketballVillanova
64%
College BaseballMissouri
63.6%
College BasketballUNLV
62.9%
College BasketballGeorgetown
60.5%
College FootballArmy
58.6%
College FootballBrigham Young
57.9%
College HockeyNorth Dakota
57.4%
College BaseballVanderbilt
57.4%
College FootballPrinceton
57.4%
College FootballTCU
56.1%
College BaseballWake Forest
51.4%
College BasketballWyoming
48.7%
College BasketballCincinnati
47.4%
College HockeyMaine
47.1%
College FootballCornell
44.6%
College HockeyCornell
44.6%
College BasketballUTEP
43.8%
College BaseballRice
41.1%
College HockeyDenver
39.7%
College BasketballMarquette
38.1%
College BasketballSan Francisco
36.6%
College BaseballCal State Fullerton
33.1%
College HockeyProvidence
32%
College BaseballFresno State
31%
College BaseballCoastal Carolina
27.8%
College BaseballWichita State
27%
College FootballChicago
26.5%
College HockeyMinnesota-Duluth
26.2%
College BasketballLoyola Chicago
26%
College BasketballCCNY
23.8%
College BaseballHoly Cross
22.8%
College BasketballHoly Cross
22.4%
College HockeyMichigan Tech
21.3%
College BaseballPepperdine
21%
College BasketballLa Salle
20.3%
College HockeyBowling Green
19.7%
College HockeyUnion
17.3%
College HockeyNorthern Michigan
16.9%
College HockeyLake Superior State
16.8%
College HockeyRensselaer
16.1%
College FootballLafayette
12.5%

You're not logged in!

Compare scores with friends on all Sporcle quizzes.
OR
Log In

Show Comments

Extras

Top Quizzes Today


Score Distribution

Your Account Isn't Verified!

In order to create a playlist on Sporcle, you need to verify the email address you used during registration. Go to your Sporcle Settings to finish the process.

Report this User

Report this user for behavior that violates our Community Guidelines.

Details: